000 00327nam a22001097a 4500
008 170120b xxu||||| |||| 00| 0 eng d
020 _a9780803605930
041 _aeng
080 _a618.2
245 _aSTUDY GUIDE FOR FAMILY NURSE PACTITIONER CERTIFICATION EXAMINATION AND PRACTICE PREPARATION
_cFITZGERALD, M.A
942 _2udc
_cBK
999 _c3281
_d3281